<?xml version="1.0" encoding="UTF-8"?>
<collection xmlns:xsi="http://www.w3.org/2001/XMLSchema-instance" xsi:schemaLocation="http://www.loc.gov/MARC21/slim http://www.loc.gov/standards/marcxml/schema/MARC21slim.xsd" xmlns="http://www.loc.gov/MARC21/slim">
 <record>
  <leader>00000cam a22000004a 4500</leader>
  <controlfield tag="001">UP-1685675941123850122</controlfield>
  <controlfield tag="003">Buklod</controlfield>
  <controlfield tag="005">20100812101231.0</controlfield>
  <controlfield tag="006">aa    rb   |||1 u|</controlfield>
  <controlfield tag="007">ta</controlfield>
  <controlfield tag="008">030626s2003    maua    rb   |000 0|eng d</controlfield>
  <datafield tag="020" ind1=" " ind2=" ">
   <subfield code="a">0618077340</subfield>
  </datafield>
  <datafield tag="035" ind1=" " ind2=" ">
   <subfield code="a">(iLib)UPTAC-00006290954</subfield>
  </datafield>
  <datafield tag="040" ind1=" " ind2=" ">
   <subfield code="a">HVD</subfield>
   <subfield code="d">UPVTC</subfield>
  </datafield>
  <datafield tag="041" ind1="0" ind2=" ">
   <subfield code="a">eng</subfield>
  </datafield>
  <datafield tag="090" ind1=" " ind2="0">
   <subfield code="a">E 184 A75</subfield>
   <subfield code="b">M35 2003</subfield>
  </datafield>
  <datafield tag="245" ind1="0" ind2="0">
   <subfield code="a">Major problems in Asian American history</subfield>
   <subfield code="b">documents and essays</subfield>
   <subfield code="c">edited by Lon Kurashige, Alice Yang Murray.</subfield>
  </datafield>
  <datafield tag="264" ind1=" " ind2="1">
   <subfield code="a">Boston</subfield>
   <subfield code="b">Houghton Mifflin</subfield>
   <subfield code="c">c2003.</subfield>
  </datafield>
  <datafield tag="300" ind1=" " ind2=" ">
   <subfield code="a">xvii, 522 p.</subfield>
   <subfield code="b">ill.</subfield>
   <subfield code="c">24 cm.</subfield>
  </datafield>
  <datafield tag="490" ind1="1" ind2=" ">
   <subfield code="a">Major problems in American history</subfield>
  </datafield>
  <datafield tag="504" ind1=" " ind2=" ">
   <subfield code="a">Includes bibliographical references.</subfield>
  </datafield>
  <datafield tag="505" ind1="2" ind2=" ">
   <subfield code="a">Framing Asian American history -- Colonization, Pacific markets, and Asian labor migration to the United States before the Civil War -- The work of national expansion in the American West, 1848-1908 -- Confronting immigration exclusion, 1860s-1920s -- Imperialism and anti-imperialism in the early twentieth century -- Orientalism and popular culture, 1904-1930s -- Interethnic tensions and alliances in the 1920s and 1930s -- Americanization and the second generation, 1920-1942 -- War, race, and the meaning of citizenship, 1941-1988 -- Asian Americans and the Cold War, 1945-1965 -- Post-1965 immigration and Asian America -- Refugees and their struggles in Asia and America, 1975-2000 --Panethnicity, Asian American activism and identity, 1965-2000 -- New formations of Asian American culture, 1990-2001 -- Erasing borders and boundaries : Asian Americans in the twenty-first century.</subfield>
  </datafield>
  <datafield tag="520" ind1=" " ind2=" ">
   <subfield code="a">&quot;Designed to encourage critical thinking about history, the [book] introduces students to both primary sources and analytical essays on important topics in U.S. history. [The book] presents ... selected group of readings in a format that asks students to evaluate primary sources, test the interpretations of distinguished historians and others, and draw their own conclusions&quot;--P. [4] of cover.</subfield>
  </datafield>
  <datafield tag="541" ind1=" " ind2=" ">
   <subfield code="a">UPV Alumni Affairs Office</subfield>
   <subfield code="b">UPV, Miag-ao, Iloilo.</subfield>
   <subfield code="c">Donation -</subfield>
   <subfield code="d">October 26, 2009</subfield>
   <subfield code="e">422g -</subfield>
   <subfield code="f">UPVTC.</subfield>
  </datafield>
  <datafield tag="650" ind1=" " ind2="0">
   <subfield code="a">Asian Americans</subfield>
   <subfield code="x">History.</subfield>
  </datafield>
  <datafield tag="650" ind1=" " ind2="0">
   <subfield code="a">Asian Americans</subfield>
   <subfield code="x">History</subfield>
   <subfield code="v">Sources.</subfield>
  </datafield>
  <datafield tag="651" ind1=" " ind2="0">
   <subfield code="a">United States</subfield>
   <subfield code="x">Race relations.</subfield>
  </datafield>
  <datafield tag="651" ind1=" " ind2="0">
   <subfield code="a">United States</subfield>
   <subfield code="x">Race relations</subfield>
   <subfield code="v">Sources.</subfield>
  </datafield>
  <datafield tag="700" ind1="1" ind2=" ">
   <subfield code="a">Kurashige, Lon</subfield>
   <subfield code="d">1964-.</subfield>
  </datafield>
  <datafield tag="700" ind1="1" ind2=" ">
   <subfield code="a">Murray, Alice Yang.</subfield>
  </datafield>
  <datafield tag="830" ind1=" " ind2="0">
   <subfield code="a">Major problems in American history series.</subfield>
  </datafield>
  <datafield tag="905" ind1=" " ind2=" ">
   <subfield code="a">FO</subfield>
  </datafield>
  <datafield tag="852" ind1="0" ind2=" ">
   <subfield code="a">UPTAC</subfield>
   <subfield code="b">UPTAC</subfield>
   <subfield code="h">E 184 A75</subfield>
   <subfield code="i">M35 2003</subfield>
  </datafield>
  <datafield tag="942" ind1=" " ind2=" ">
   <subfield code="a">Book</subfield>
  </datafield>
 </record>
</collection>
